| 000 | 00954nam a22002057a 4500 | ||
|---|---|---|---|
| 999 |
_c59119 _d59119 |
||
| 003 | Ge_BSU | ||
| 005 | 20221128122925.0 | ||
| 008 | 221128s1982ge xxu||||| |||| 00| 0 geo d | ||
| 041 | _ageo | ||
| 080 | _a821.512.161-31 ბ-18 | ||
| 100 |
_aბაიქურთი, ფაქირ. _916144 |
||
| 245 |
_aგველების შურისძიება : _bრომანი / _cფაქირ ბაიქურთი ; თურქულიდან თარგმნა იბრაიმ გორგაძემ ; |
||
| 264 |
_aბათუმი : _bსაბჭოთა აჭარა, _c1982. |
||
| 300 |
_a234 გვ. ; _b20 სმ. |
||
| 546 | _aპარალ. თავფურ. თურქ. ენ. | ||
| 653 | _aგველების შურისძიება | ||
| 653 | _aრომანი | ||
| 700 |
_aგორგაძე, იბრაიმ _eმთარგმნელი _916145 |
||
| 942 |
_2udc _cBK |
||